000 00421nam a22001457u 4500
008 130405s1995 xxu||||| |||| 00| 0 spa d
041 _aspa
100 1 _aPrieto Ramiro, Rafael
_929668
245 0 0 _aSí al Tú
_b:Adviento y Navidad 1995
_cRafael Prieto Ramiro
260 _aMadrid:
_bCaritas Española,
_c1995
300 _a187 p.
_c;21 cm.
650 0 4 _aLiturgia
_xNavidad y adviento
_918909
942 _cBK
001 65575
999 _c255937
_d255937